000 00425nam a22001817a 4500
005 20260406123113.0
008 260406b |||||||| |||| 00| 0 eng d
020 _a9789384852375
041 _aEnglish
082 _a340.5254 AGA
100 _a Agarwal, R. K
245 _a Hindu Law
250 _a21st
260 _a Allahabad:
_bCentral Law Agency,
_c2018.
300 _a472 p.
650 _b Hindu Law
942 _cDB
999 _c9603
_d9603